000 01382cam a2200373 a 4500
003 CHAP
005 20220817043544.0
008 990617d1996 mx ab r 00010 spa d
010 _a78310
011 _a79282
020 _a9684963149
035 _a89487
040 _cCHAP
082 0 4 _a972.01
_bC4
100 0 0 _aCervantes, Mayán
_ecoord.
_921636
245 1 0 _aMesoamérica y Los Andes
_c/coord. por Mayán Cervantes
260 _aMéxico, D.F. :
_bCentro de Investigaciones y Estudios Superiores en Antropología Social,
_c1996.
300 _a597 p. :
_bilus. , mapas
410 2 _aCentro de Investigaciones y Estudios Superiores en Antropología Social. México
490 0 _aColección Miguel Othón de Mendizábal
590 _aBATCH-UPD
_b10
_c20130110
_lUCH01
_h0850
590 _aBATCH-UPD
_b10
_c20130410
_lUCH01
_h0522
590 _aBATCH-UPD
_b10
_c20130914
_lUCH01
_h0909
590 _aCONVERSION
_b10
_c20130109
_lUCH01
_h1343
650 1 4 _aIncas.
_957516
650 1 4 _aIndios de América del Sur.
_957587
650 1 4 _aIndios de México
_xHistoria.
_957630
810 2 _aCentro de Investigaciones y Estudios Superiores en Antropología Social. México
830 0 _aColección Miguel Othón de Mendizábal
_924926
901 _aBK
905 _aBlanca M. García O.
942 _cLIBRO
949 _a972.01 C4
_bBC
_cLIBRO
_d33724000726659
_eLIBRO
_h95769
_i89487
_si
999 _c78310
_d78310